000 00307nam a22001457a 4500
008 230314b ||||| |||| 00| 0 eng d
020 _a9788088308409
041 _aeng
080 _a72
082 _a72
100 _a21
101 _adizajn
245 _aTEXTILE MANIFESTOES
_cMUDRY R
942 _2udc
_cBK
999 _c59357
_d59357